000 00595nam a2200217Ia 4500
003 OSt
005 20220928144951.0
006 a|||||r|||| 00| 0
007 ta
008 220927b |||||||| |||| 00| 0 eng d
024 _a77524
037 _cTextual
040 _aSDCL
_cSDCL
_beng
041 _2eng
_aeng
082 _aD6,8(B289JSP2), P4
100 _aDen Hann Peter
_9510723
245 0 _aBeginning JSP 2
_b From novice to professional. Ed by Mathew Modie.
260 _c2004
942 _hD6,8(B289JSP2), P4
_cTEXL
_2CC
999 _c830852
_d830852